000 00708nam a2200277Ia 4500
005 20260324120111.0
008 008 260324s9999 xx 000 0 eng d
020 _a9780429137792
037 _aEBOOK
040 _aCRL
040 _beng
040 _cCRL
041 _2eng
041 _aeng
084 _qCRL
100 _aVictor Patrangenaru; Leif Ellingson
_91157238
245 0 _aNonparametric Statistics on Manifolds and Their Applications to Object Data Analysis
260 _bTaylor and Francis
260 _c2015
365 _a
365 _b340
856 _uhttp://www.taylorfrancis.com/books/9780429137792
942 _cEBOOK
999 _c1748569
_d1748569